00735nas a2200229Ia 4500001001600000003001000016008004100026040002500067041001300092100002000105210002000125222002000145245006600165250001100231260000900242501012300251300001600374362001800390500005300408650003300461700001100494A08/R095-40652 IT-MiCISF161014c99999999xx |||||||||||| ||und|| aIT-MiCISFcIT-MiCISF aITALIANO aSantolini Luisa aFamilia et vita aFamilia et vita 0aIl Forum delle Associazioni Familiari: un'esperienza italiana a1a ed. c2004 bCISF - Centro Internazionale Studi Famiglia - Via Giotto, 36 20145 MILANO (non commercial uses only)cCopyright 2016 app. 121-137 an. 1-2 [2004] a Tema: associazioni, famiglia, società, chiesa apolitica familiarevarticolo aAA.VV.